IFRS simplified with practical illustration/ (Record no. 171484)

MARC details
000 -LEADER
fixed length control field 00720 a2200217 4500
005 - DATE AND TIME OF LATEST TRANSACTION
control field 20200114143809.0
010 ## - LCCN (DPL NO)
LC control number ENG-127410-11
020 ## - INTERNATIONAL STANDARD BOOK NUMBER
Terms of availability 999.00(part1)
International Standard Book Number 9789384061555
020 ## - INTERNATIONAL STANDARD BOOK NUMBER
Terms of availability 999.00(part2)
International Standard Book Number 9789384061555
035 ## - SYSTEM CONTROL NUMBER
System control number EN-110942-943
037 ## - SOURCE OF ACQUISITION
Source of stock number/acquisition DBAD / PUB
082 14 - DEWEY DECIMAL CLASSIFICATION NUMBER
Classification number 657.0218
100 1# - MAIN ENTRY--PERSONAL NAME
Personal name Bhave,Rammohan N
245 1# - TITLE STATEMENT
Title IFRS simplified with practical illustration/
Statement of responsibility, etc by Bhave,Rammohan N[and]Anjali R Bhave
260 ## - PUBLICATION, DISTRIBUTION, ETC. (IMPRINT)
Name of publisher, distributor, etc TV 18 broadcast
Date of publication, distribution, etc 2017
Place of publication, distribution, etc New Delhi
270 ## - ADDRESS
Address 503, 504 & 507, 5th Floor Mercantile House
-- Delhi 110001
300 ## - PHYSICAL DESCRIPTION
Extent 2 Parts. (435p.;471p.)
Dimensions 21cm(hb)
505 ## - FORMATTED CONTENTS NOTE
Formatted contents note Part1,Part2
700 ## - ADDED ENTRY--PERSONAL NAME
Personal name Bhave,Anjali R
942 ## - ADDED ENTRY ELEMENTS (KOHA)
Institution code [OBSOLETE] dpl
Item type English Books
Source of classification or shelving scheme Dewey Decimal Classification
Classification part 657.0218
Call number suffix BHA
Holdings
Withdrawn status Lost status Materials specified (bound volume or other part) Not for loan Collection code Home library Current library Date acquired Source of acquisition Cost, normal purchase price Full call number Barcode Copy number Cost, replacement price Koha item type
    Part1   Non-fiction Central Library Central Library 14/01/2020 DBAD/PUB 999.00 657.0218 BHA EN-110942 1 999.00 English Books
    Part2   Non-fiction Central Library Central Library 14/01/2020 DBAD/PUB 999.00 657.0218 BHA EN-110943 1 999.00 English Books

© Delhi Public Library
Hit Counter
free hit counter